000 01520cam a22002891i 4500
003 SA-RiAUC
005 20250102050951.0
008 250101s2008 mk g f10000dara c
040 _aSA-JeALM
_bara
_cSA-RiAUC.
_erda
082 0 4 _a922.58
_qSA-RiAUC
090 _a922.58
_bن د و
111 2 _aندوة تطور العلوم الفقهية في عمان
_cمسقط)
_d2006 :
_n(5 :
245 1 0 _aندوة تطور العلوم الفقهية في عمان خلال القرن الثالث الهجري :
_bالإمام محمد بن محبوب الرحيلي نموذجا /
_cوزارة الأوقاف والشؤون الدينية ؛ مراجعة وتنيسق سلطان بن سعيد الهنائي.
250 _aالطبعة الثانية.
264 1 _aمسقط :
_bوزراة الأوقاف والشؤون الدينية،
_c2008
300 _a278 صفحة ؛
_c24 سم
336 _aنص
_btxt
_2rdacontent
_3كتاب
337 _aبدون وسيط
_bn
_2rdamedia
338 _aمجلد
_bnc
_2rdacarrier
504 _aيشتمل على مراجع.
600 1 7 _aالرحيلي، محمد بن محبوب،
_dتوفي 260 هجري
_vمؤتمرات
_2aucnm
650 7 _aالأباضية (فرقة إسلامية)
_vتراجم
_vمؤتمرات
_2aucsh
700 1 _aالهنائي، سلطان بن سعيد بن سليم
_eمراجع.
710 1 _aعمان (سلطنة).
_bوزارة الأوقاف والشؤون الدينية
_eمنظم.
942 _2ddc
_cBOOK
_n0
949 _aSA-JeALM
_d250101
_uosman123
_n1
999 _c4309
_d4309